000 01508nam a2200229 a 4500
008 151013s2012 ||||||||||||||||| || u
020 _a9780821394519
050 _aHD 1447 Glo
110 _aWorld Bank
245 1 0 _aGlobal monitoring report 2012: food prices, nutrition, and the millennium development goals
_cBy The World Bank
260 _aWashington D.C
_bThe International Bank for Reconstruction
_c2012
300 _axv, 169p.: ill.
350 _a29.95
650 _aFOOD PRICES -- DEVELOPING COUNTRIES
650 _aFOOD SECURITY--DEVELOPING COUNTRIES
650 _aFOOD PRICES -- GOVERNMENT POLICY -- DEVELOPING COUNTRIES
995 _aMEDICAL LIBRARY OPEN ACCESS
_e903273
_FCBU-SCHOOL OF MEDICINE LIBRARY (Ndola)
_I29.95
_jHD 1447 Glo
_M1
_UAVAILABLE
_WJan 21, 2016
_y903273
_ZMedical Library Open Access Collection
995 _aSPECIAL COLLECTIONS
_e903274
_FCBU-MAIN LIBRARY (Kitwe)
_I29.95
_jIBRD(02)2012/1B
_M3
_UAVAILABLE
_WJan 25, 2016
_yB2118
_ZInternational Publications
995 _aSPECIAL COLLECTIONS
_e903275
_FCBU-MAIN LIBRARY (Kitwe)
_I29.95
_jIBRD(02)2012/1A
_M2
_UAVAILABLE
_WJan 25, 2016
_yB2117
_ZInternational Publications
995 _aMEDICAL LIBRARY OPEN ACCESS
_e903606
_FCBU-SCHOOL OF MEDICINE LIBRARY (Ndola)
_I29.95
_jHD 1447 Glo
_M4
_UAVAILABLE
_WFeb 17, 2016
_y903606
_ZMedical Library Open Access Collection
995 _aMEDICAL LIBRARY OPEN ACCESS
_e903591
_FCBU-SCHOOL OF MEDICINE LIBRARY (Ndola)
_I29.95
_jHD 1447 Glo
_M5
_UAVAILABLE
_WMar 2, 2016
_y903591
_ZMedical Library Open Access Collection
999 _c75947
_d75947